[Event "Gatineau Nouvel An"]
[Site "Gatineau"]
[Date "2016.01.19"]
[Round "3"]
[White "Thibault, Mario"]
[Black "Brousseau, Yvan"]
[Result "1-0"]
[WhiteElo "1776"]
[BlackElo "1964"]
[PlyCount "73"]
[EventDate "2016.01.05"]
[EventType "swiss"]
[EventRounds "5"]
[EventCountry "CAN"]
[SourceTitle "EXT 2022"]
[Source "ChessBase"]
[SourceDate "2021.10.06"]
[SourceVersion "1"]
[SourceVersionDate "2021.10.06"]
[SourceQuality "1"]

1. e4 d5 2. exd5 Qxd5 3. Nc3 Qa5 4. d4 Bf5 5. Nf3 e6 6. Ne5 c6 7. Nc4 Qc7 8. g3 Nf6 9. Bg2 Nd5 10. 0-0 Be7 11. Nxd5 cxd5 12. Ne3 Bg6 13. c4 dxc4 14. Qa4+ Nd7 15. Bd2 0-0 16. Nxc4 Nb6 17. Nxb6 Qxb6 18. Bc3 Rfd8 19. Rfe1 Bf6 20. Rad1 Qc7 21. Qb3 Rab8 22. Rd2 b5 23. Qb4 a5 24. Qxa5 Qxa5 25. Bxa5 Rxd4 26. Rxd4 Bxd4 27. b3 Rc8 28. Bf1 Ra8 29. Rc1 f6 30. b4 Be8 31. Rc7 Rb8 32. Bh3 f5 33. Re7 Bf7 34. Bf1 Kf8 35. Rd7 e5 36. Bc7 Be8 37. Rxd4 1-0

[Event "Gatineau Benevoles-A"]
[Site "Gatineau"]
[Date "2014.09.16"]
[Round "2"]
[White "Brousseau, Yvan"]
[Black "Arsenault, Michel"]
[Result "0-1"]
[WhiteElo "1987"]
[BlackElo "1870"]
[PlyCount "44"]
[EventDate "2014.09.09"]
[EventType "swiss"]
[EventRounds "5"]
[EventCountry "CAN"]
[SourceTitle "EXT 2016"]
[Source "ChessBase"]
[SourceDate "2015.10.08"]
[SourceVersion "1"]
[SourceVersionDate "2015.10.08"]
[SourceQuality "1"]

1. b3 g6 2. Bb2 Nf6 3. g4 Bg7 4. g5 Nh5 5. Nc3 c5 6. e3 e5 7. h4 d5 8. Be2 d4 9. Ne4 Bf5 10. Bf3 Qe7 11. Qe2 Nd7 12. 0-0-0 0-0 13. Ng3 Nxg3 14. fxg3 e4 15. exd4 cxd4 16. g4 d3 17. Qe3 Bxb2+ 18. Kxb2 dxc2 19. Rc1 Qe5+ 20. Qc3 Rac8 21. Qxe5 Nxe5 22. gxf5 Nd3+ 0-1

[Event "Gatineau Commanditaires op"]
[Site "Gatineau"]
[Date "2012.03.06"]
[Round "2"]
[White "Guimond, Michel"]
[Black "Brousseau, Yvan"]
[Result "1-0"]
[WhiteElo "1923"]
[BlackElo "2004"]
[PlyCount "49"]
[EventDate "2012.02.28"]
[EventType "swiss"]
[EventRounds "4"]
[EventCountry "CAN"]
[SourceTitle "EXT 2013"]
[Source "ChessBase"]
[SourceDate "2012.11.22"]
[SourceVersion "1"]
[SourceVersionDate "2012.11.22"]
[SourceQuality "1"]

1. e4 d5 2. e5 c5 3. c3 Nc6 4. d4 e6 5. Nf3 Qb6 6. Be2 Nh6 7. Na3 cxd4 8. cxd4 Bb4+ 9. Bd2 Nf5 10. Nc2 Bxd2+ 11. Qxd2 Qxb2 12. 0-0 Nfxd4 13. Nfxd4 Nxd4 14. Qxd4 Qxc2 15. Bb5+ Bd7 16. Rac1 Qe4 17. Qb2 d4 18. Bxd7+ Kxd7 19. Rc4 Ke8 20. Qb5+ Kf8 21. Qc5+ Ke8 22. Rfc1 Rd8 23. Qb5+ Kf8 24. Rc8 Ke7 25. R1c7+ 1-0

[Event "Gatineau CEH 31 Aniv-A"]
[Site "Gatineau"]
[Date "2010.10.12"]
[Round "5"]
[White "Danilov, Alexandre"]
[Black "Brousseau, Yvan"]
[Result "1-0"]
[WhiteElo "1814"]
[BlackElo "2043"]
[PlyCount "53"]
[EventDate "2010.09.14"]
[EventType "tourn"]
[EventRounds "5"]
[EventCountry "CAN"]
[SourceTitle "EXT 2011"]
[Source "ChessBase"]
[SourceDate "2010.11.26"]
[SourceVersion "1"]
[SourceVersionDate "2010.11.26"]
[SourceQuality "1"]

1. c4 c6 2. b3 d5 3. Bb2 Nf6 4. g3 e6 5. Bg2 Bc5 6. d4 Bd6 7. Nf3 Nbd7 8. 0-0 Ne4 9. Nbd2 f5 10. Ne5 Nxe5 11. dxe5 Bc5 12. Nf3 0-0 13. e3 Qc7 14. Rc1 Qe7 15. Nd4 Bd7 16. f3 Ng5 17. h4 Nf7 18. f4 h6 19. cxd5 cxd5 20. Rf2 Bb6 21. Rfc2 g5 22. Qh5 Kg7 23. hxg5 Bxd4 24. gxh6+ Nxh6 25. Bxd4 b6 26. Bxd5 Be8 27. Rc7 1-0

[Event "Gatineau LEO-A"]
[Site "Gatineau"]
[Date "2010.05.04"]
[Round "4"]
[White "Brousseau, Yvan"]
[Black "Gagnon, Fabien"]
[Result "1-0"]
[WhiteElo "1959"]
[BlackElo "1958"]
[PlyCount "65"]
[EventDate "2010.04.13"]
[EventType "tourn"]
[EventRounds "6"]
[EventCountry "CAN"]
[SourceTitle "EXT 2011"]
[Source "ChessBase"]
[SourceDate "2010.11.26"]
[SourceVersion "1"]
[SourceVersionDate "2010.11.26"]
[SourceQuality "1"]

1. b3 e5 2. Bb2 Nc6 3. c4 Nf6 4. e3 d5 5. cxd5 Nxd5 6. a3 Be6 7. Bb5 Bd6 8. Nf3 f6 9. Qc2 Bd7 10. d4 Qe7 11. dxe5 Nxe5 12. Bxd7+ Nxd7 13. Nbd2 c6 14. 0-0 0-0 15. Nc4 Bc7 16. Rad1 Kh8 17. Rd4 Rfe8 18. Rh4 Nf8 19. Nd4 Qf7 20. Nf3 Qg6 21. Rc1 Rad8 22. h3 Ne7 23. Qc3 Rd3 24. Qc2 Red8 25. Nd4 R3xd4 26. Rxd4 Qh6 27. Rxd8 Bxd8 28. Nd6 Qh5 29. Nxb7 Bc7 30. Qc5 Qf7 31. Qc4 Qe8 32. Rd1 Nd5 33. Rxd5 1-0

[Event "Gatineau LEO-A"]
[Site "Gatineau"]
[Date "2010.04.27"]
[Round "3"]
[White "Groleau, Gilles"]
[Black "Brousseau, Yvan"]
[Result "1-0"]
[WhiteElo "1970"]
[BlackElo "1959"]
[PlyCount "71"]
[EventDate "2010.04.13"]
[EventType "tourn"]
[EventRounds "6"]
[EventCountry "CAN"]
[SourceTitle "EXT 2011"]
[Source "ChessBase"]
[SourceDate "2010.11.26"]
[SourceVersion "1"]
[SourceVersionDate "2010.11.26"]
[SourceQuality "1"]

1. e4 g6 2. d4 Bg7 3. Nf3 d6 4. Be2 Nf6 5. Nc3 0-0 6. 0-0 Nbd7 7. e5 Ne8 8. Bf4 Nb6 9. a4 a5 10. Re1 dxe5 11. Nxe5 Nf6 12. Qd2 c6 13. Rad1 Nfd5 14. Nxd5 cxd5 15. b3 Be6 16. Bh6 Rc8 17. Bxg7 Kxg7 18. Qxa5 Rxc2 19. Rc1 Rxc1 20. Rxc1 Qd6 21. Rc5 Ra8 22. Qc3 f6 23. Nd3 Bd7 24. a5 Nc8 25. Bf3 Bc6 26. Nb4 Na7 27. Nxd5 Nb5 28. Qb4 Bxd5 29. Bxd5 Nc7 30. Qxb7 Nxd5 31. Qxa8 Nf4 32. Qe4 e5 33. Rc6 Qa3 34. h3 Qxa5 35. dxe5 fxe5 36. b4 1-0

[Event "Gatineau Defi Nez-A"]
[Site "Gatineau"]
[Date "2009.12.08"]
[Round "4"]
[White "Brousseau, Yvan"]
[Black "Laurin, Jacques"]
[Result "1/2-1/2"]
[WhiteElo "2007"]
[BlackElo "1877"]
[PlyCount "82"]
[EventDate "2009.11.17"]
[EventType "tourn"]
[EventRounds "5"]
[EventCountry "CAN"]
[SourceTitle "EXT 2011"]
[Source "ChessBase"]
[SourceDate "2010.11.26"]
[SourceVersion "1"]
[SourceVersionDate "2010.11.26"]
[SourceQuality "1"]

1. d4 d6 2. Nf3 Nf6 3. c4 g6 4. Nc3 Bg7 5. e4 c6 6. Be2 Na6 7. Bf4 Nc7 8. h3 Ne6 9. Be3 Nh5 10. Qd2 h6 11. g4 Nf6 12. 0-0-0 d5 13. e5 Ne4 14. Nxe4 dxe4 15. Nh4 Ng5 16. f4 exf3 17. Nxf3 Ne4 18. Qe1 f5 19. exf6 exf6 20. Bd3 Qe7 21. Bf4 f5 22. Ne5 Bxe5 23. Bxe5 Qg5+ 24. Kc2 0-0 25. Bxe4 fxe4 26. Qxe4 Rf2+ 27. Kc3 Be6 28. Rhf1 Raf8 29. Rxf2 Rxf2 30. d5 cxd5 31. cxd5 Bf7 32. Bg3 Qf6+ 33. Be5 Qb6 34. b3 Qa5+ 35. b4 Qa3+ 36. Kc4 b6 37. Bc3 Qxa2+ 38. Kb5 Rf4 39. Qe5 Qc4+ 40. Ka4 Qa2+ 41. Kb5 Qc4+ 1/2-1/2

[Event "Gatineau Maisonneuve Memorial"]
[Site "Gatineau"]
[Date "2009.10.20"]
[Round "2"]
[White "Desjardins, Michel"]
[Black "Brousseau, Yvan"]
[Result "1-0"]
[WhiteElo "1900"]
[BlackElo "2022"]
[PlyCount "61"]
[EventDate "2009.10.13"]
[EventType "swiss"]
[EventRounds "5"]
[EventCountry "CAN"]
[SourceTitle "EXT 2011"]
[Source "ChessBase"]
[SourceDate "2010.11.26"]
[SourceVersion "1"]
[SourceVersionDate "2010.11.26"]
[SourceQuality "1"]

1. e4 b6 2. d4 Bb7 3. Bd3 e6 4. Nc3 Bb4 5. Nge2 Nf6 6. a3 Bxc3+ 7. Nxc3 d6 8. 0-0 Nbd7 9. Qe2 e5 10. d5 0-0 11. Be3 Qe7 12. a4 a5 13. Bb5 Nc5 14. Bxc5 dxc5 15. Rad1 Rad8 16. Rd3 Ne8 17. f4 Nd6 18. f5 f6 19. Qh5 Qf7 20. Qh4 Bc8 21. Rh3 h6 22. Rg3 Kh7 23. Be2 Qe7 24. Qh5 Bd7 25. Qh4 Be8 26. Bh5 Bxh5 27. Qxh5 Qe8 28. Rg6 Rh8 29. Rf3 Rd7 30. Rfg3 Rf7 31. Rxh6+ 1-0

[Event "Hull CC-chA"]
[Site "Gatineau"]
[Date "2009.04.21"]
[Round "2"]
[White "Brousseau, Yvan"]
[Black "Cossette, Daniel"]
[Result "0-1"]
[WhiteElo "2042"]
[BlackElo "2007"]
[PlyCount "58"]
[EventDate "2009.04.14"]
[EventType "tourn"]
[EventRounds "6"]
[EventCountry "CAN"]
[SourceTitle "EXT 2011"]
[Source "ChessBase"]
[SourceDate "2010.11.26"]
[SourceVersion "1"]
[SourceVersionDate "2010.11.26"]
[SourceQuality "1"]

1. b3 e5 2. Bb2 d6 3. d4 exd4 4. Qxd4 Nc6 5. Qd2 Nf6 6. Nc3 d5 7. e3 Bb4 8. Bd3 Qe7 9. 0-0-0 Be6 10. Nf3 0-0-0 11. Qe2 Bg4 12. h3 Bxf3 13. gxf3 Ba3 14. Rhg1 Bxb2+ 15. Kxb2 g6 16. Bb5 Qe6 17. Bxc6 Qxc6 18. Rd4 Qe6 19. h4 c5 20. Rd2 d4 21. exd4 cxd4 22. Qxe6+ fxe6 23. Nb5 Rd5 24. Rg5 e5 25. a4 a6 26. Na3 b5 27. axb5 axb5 28. c4 dxc3+ 29. Kxc3 b4+ 0-1

[Event "Gatineau Qualification CIQ"]
[Site "Gatineau"]
[Date "2009.03.17"]
[Round "2"]
[White "Brousseau, Yvan"]
[Black "Laurin, Jacques"]
[Result "1-0"]
[WhiteElo "1998"]
[BlackElo "1826"]
[PlyCount "49"]
[EventDate "2009.03.10"]
[EventType "swiss"]
[EventRounds "5"]
[EventCountry "CAN"]
[SourceTitle "EXT 2010"]
[Source "ChessBase"]
[SourceDate "2010.11.25"]
[SourceVersion "1"]
[SourceVersionDate "2010.11.25"]
[SourceQuality "1"]

1. d4 Nf6 2. c4 e6 3. Nc3 Bb4 4. Qc2 Nc6 5. Nf3 d5 6. e3 Bd7 7. a3 Bxc3+ 8. bxc3 Na5 9. Ne5 dxc4 10. Nxc4 Nxc4 11. Bxc4 Bc6 12. 0-0 b5 13. Bd3 Qd6 14. f3 a6 15. e4 e5 16. Bb2 Nd7 17. d5 Nc5 18. Be2 Bd7 19. Bc1 Qg6 20. Be3 Na4 21. c4 Nb6 22. Qc3 f6 23. cxb5 Na4 24. Qb4 Bh3 25. Rf2 1-0

[Event "Gatineau Qualification CIQ"]
[Site "Gatineau"]
[Date "2009.03.10"]
[Round "1"]
[White "Baril Boudreau, Felix"]
[Black "Brousseau, Yvan"]
[Result "0-1"]
[WhiteElo "1508"]
[BlackElo "1998"]
[PlyCount "40"]
[EventDate "2009.03.10"]
[EventType "swiss"]
[EventRounds "5"]
[EventCountry "CAN"]
[SourceTitle "EXT 2010"]
[Source "ChessBase"]
[SourceDate "2010.11.25"]
[SourceVersion "1"]
[SourceVersionDate "2010.11.25"]
[SourceQuality "1"]

1. d4 d5 2. e4 c6 3. exd5 cxd5 4. c4 Nf6 5. Nc3 e6 6. Bg5 Be7 7. Nf3 0-0 8. Bd3 dxc4 9. Bxc4 h6 10. Bf4 a6 11. d5 exd5 12. Nxd5 Nxd5 13. Qxd5 Bb4+ 14. Nd2 Qe7+ 15. Be3 Rd8 16. Qxf7+ Qxf7 17. Bxf7+ Kxf7 18. Rc1 Nc6 19. a3 Bxd2+ 20. Bxd2 Bf5 0-1

[Event "Gatineau Maisonneuve Memorial"]
[Site "Gatineau"]
[Date "2008.10.21"]
[Round "1"]
[White "Brousseau, Yvan"]
[Black "Rainey, Ivan"]
[Result "1-0"]
[WhiteElo "2002"]
[BlackElo "1475"]
[PlyCount "55"]
[EventDate "2008.10.21"]
[EventType "swiss"]
[EventRounds "5"]
[EventCountry "CAN"]
[SourceTitle "EXT 2011"]
[Source "ChessBase"]
[SourceDate "2010.11.26"]
[SourceVersion "1"]
[SourceVersionDate "2010.11.26"]
[SourceQuality "1"]

1. b3 e5 2. Bb2 Nc6 3. e3 a6 4. Nf3 d6 5. d4 exd4 6. Nxd4 Nxd4 7. Qxd4 Nf6 8. Nc3 c5 9. Qd2 d5 10. 0-0-0 Be6 11. Be2 Qd7 12. h3 Rd8 13. g4 Qc6 14. g5 Ng8 15. Bf3 Ne7 16. Ne2 Qc8 17. Nf4 Rg8 18. Qa5 Nc6 19. Qd2 Ne7 20. a3 d4 21. exd4 cxd4 22. Qe2 Bxb3 23. Kb1 d3 24. Rxd3 Rxd3 25. Qxd3 Ba4 26. Re1 g6 27. Nd5 Qd7 28. Nf6+ 1-0

[Event "Gatineau Hull CC 29 Ann-A"]
[Site "Gatineau"]
[Date "2008.09.30"]
[Round "4"]
[White "Groleau, Gilles"]
[Black "Brousseau, Yvan"]
[Result "1-0"]
[WhiteElo "1959"]
[BlackElo "1996"]
[PlyCount "147"]
[EventDate "2008.09.09"]
[EventType "tourn"]
[EventRounds "5"]
[EventCountry "CAN"]
[SourceTitle "EXT 2022"]
[Source "ChessBase"]
[SourceDate "2021.10.06"]
[SourceVersion "1"]
[SourceVersionDate "2021.10.06"]
[SourceQuality "1"]

1. e4 Nc6 2. Nf3 Nf6 3. e5 Ng4 4. d4 d6 5. h3 Nh6 6. Bb5 Bd7 7. Nc3 dxe5 8. d5 Nb8 9. Nxe5 Bxb5 10. Bxh6 Nd7 11. Nxf7 Kxf7 12. Qh5+ Kg8 13. Qg4 Nc5 14. Nxb5 Qxd5 15. 0-0 Qe6 16. Be3 Qxg4 17. hxg4 Ne4 18. Nxc7 Rc8 19. Ne6 Rxc2 20. Rfc1 Rxc1+ 21. Rxc1 Nd6 22. Bxa7 Kf7 23. Ng5+ Kf6 24. f4 Nb5 25. Ne4+ Kf7 26. Be3 e6 27. a4 Nd6 28. Rc7+ Kg6 29. Ng3 b5 30. axb5 Nxb5 31. f5+ exf5 32. gxf5+ Kf6 33. Rb7 Nd6 34. Rb6 Ke5 35. Kf2 Be7 36. Kf3 Rf8 37. Bf4+ Kd5 38. Bxd6 Bxd6 39. Rb7 g6 40. Rxh7 gxf5 41. Rb7 Kc4 42. b3+ Kc5 43. Rh7 Kd5 44. Rh5 Ke6 45. Ne2 f4 46. Nd4+ Kd7 47. Rh7+ Ke8 48. Ne6 Rf6 49. Ng5 Rg6 50. Ne4 Be5 51. Rb7 Rc6 52. Rb5 Bc7 53. Rc5 Kd7 54. Rxc6 Kxc6 55. Ke2 Kd5 56. Kd3 Ba5 57. Ng5 Ke5 58. Nh3 Kf5 59. Nf2 Be1 60. Ke2 Ba5 61. Kf3 Bc7 62. Nd3 Bd6 63. b4 Bc7 64. b5 Kg5 65. Nb2 Kf5 66. Nc4 Ke6 67. Ke4 Bb8 68. b6 Kd7 69. Kd5 Ke7 70. Ne5 Bd6 71. b7 Bc7 72. Nc6+ Kf6 73. Ke4 Kg5 74. Kf3 1-0

[Event "Gatineau Hull CC LEO-chA"]
[Site "Gatineau"]
[Date "2008.04.29"]
[Round "3"]
[White "Desjardins, Michel"]
[Black "Brousseau, Yvan"]
[Result "0-1"]
[WhiteElo "1969"]
[BlackElo "2009"]
[PlyCount "84"]
[EventDate "2008.04.15"]
[EventType "tourn"]
[EventRounds "6"]
[EventCountry "CAN"]
[SourceTitle "EXT 2022"]
[Source "ChessBase"]
[SourceDate "2021.10.06"]
[SourceVersion "1"]
[SourceVersionDate "2021.10.06"]
[SourceQuality "1"]

1. e4 Nc6 2. Nc3 e5 3. Bc4 Nf6 4. d3 Na5 5. Nge2 Nxc4 6. dxc4 d6 7. Qd3 Be7 8. 0-0 0-0 9. b3 Be6 10. Bb2 Nh5 11. Qf3 g6 12. g4 Ng7 13. Qg2 h5 14. h3 g5 15. f3 h4 16. Rfd1 c6 17. a4 a5 18. Qf2 Qc7 19. Bc1 f5 20. exf5 Nxf5 21. gxf5 Bxf5 22. Qg2 g4 23. hxg4 Bxc2 24. Re1 Bxb3 25. c5 d5 26. Qf2 Rf7 27. f4 exf4 28. Bxf4 Qd7 29. Qg2 Bxc5+ 30. Kh1 Rg7 31. g5 Re8 32. Rab1 Bc2 33. Rbc1 Qf5 34. Kh2 d4 35. Bd2 Bd6+ 36. Kh1 dxc3 37. Nxc3 Rxe1+ 38. Rxe1 h3 39. Qe2 Rf7 40. g6 Qf3+ 41. Qxf3 Rxf3 42. Bh6 Bxg6 0-1

[Event "Gatineau Hull CC 28 Ann-A"]
[Site "Gatineau"]
[Date "2007.09.25"]
[Round "3"]
[White "Szalay, Karoly"]
[Black "Brousseau, Yvan"]
[Result "1-0"]
[WhiteElo "1985"]
[BlackElo "2025"]
[PlyCount "113"]
[EventDate "2007.09.11"]
[EventType "tourn"]
[EventRounds "5"]
[EventCountry "CAN"]
[SourceTitle "EXT 2022"]
[Source "ChessBase"]
[SourceDate "2021.10.06"]
[SourceVersion "1"]
[SourceVersionDate "2021.10.06"]
[SourceQuality "1"]

1. e4 e5 2. Nf3 Nc6 3. Bb5 a6 4. Ba4 Nf6 5. 0-0 Be7 6. Re1 b5 7. Bb3 d6 8. c3 Na5 9. Bc2 c5 10. d4 Qc7 11. Nbd2 0-0 12. Nf1 Bg4 13. d5 b4 14. Ne3 bxc3 15. bxc3 Bd7 16. Ba3 Ng4 17. Nf5 Bxf5 18. exf5 Nc4 19. Bc1 Nf6 20. Bd3 Nb6 21. c4 e4 22. Bxe4 Nxc4 23. Bd2 Nxe4 24. Rxe4 Nxd2 25. Nxd2 Bf6 26. Rc1 Rfe8 27. Qa4 Rxe4 28. Nxe4 Be7 29. g4 h6 30. f4 Qb7 31. Qc4 Qb5 32. Qc2 Qd7 33. g5 f6 34. h4 Kf7 35. g6+ Kf8 36. Ng3 Re8 37. Qe2 Bd8 38. Qxa6 Re3 39. Kf2 Qe7 40. Ne2 Rh3 41. Kg2 Re3 42. Nc3 Qd7 43. Kf2 Qe7 44. Rc2 Rh3 45. Re2 Rh2+ 46. Ke1 Rxe2+ 47. Nxe2 Qd7 48. Ng3 Qe7+ 49. Kf2 Qc7 50. Ne4 Ke7 51. Ke3 c4 52. Kd4 c3 53. Nxc3 Qc5+ 54. Kd3 Bc7 55. Qc6 Qxc6 56. dxc6 Kd8 57. Nd5 1-0

[Event "Hull CC-ch A"]
[Site "Gatineau"]
[Date "2007.03.13"]
[Round "1"]
[White "Arsenault, Michel"]
[Black "Brousseau, Yvan"]
[Result "0-1"]
[WhiteElo "2013"]
[BlackElo "1994"]
[PlyCount "128"]
[EventDate "2007.03.13"]
[EventType "tourn"]
[EventRounds "5"]
[EventCountry "CAN"]
[SourceTitle "EXT 2022"]
[Source "ChessBase"]
[SourceDate "2021.10.06"]
[SourceVersion "1"]
[SourceVersionDate "2021.10.06"]
[SourceQuality "1"]

1. c4 Nf6 2. g3 d5 3. cxd5 Nxd5 4. Bg2 c6 5. Nc3 Nf6 6. d4 e6 7. e4 Be7 8. e5 Nd5 9. Nge2 Na6 10. 0-0 Bd7 11. f4 f5 12. exf6 Nxf6 13. a3 0-0 14. b4 Nc7 15. Qb3 Ncd5 16. f5 Kh8 17. Bg5 Nxc3 18. Nxc3 exf5 19. Rae1 Nd5 20. Bxe7 Nxe7 21. d5 Nxd5 22. Nxd5 cxd5 23. Bxd5 Bc6 24. Bxc6 Qb6+ 25. Kg2 Qxc6+ 26. Qf3 Qxf3+ 27. Rxf3 Rf7 28. Rfe3 g6 29. Re7 Kg7 30. Rxf7+ Kxf7 31. Rc1 Re8 32. Kf3 g5 33. a4 Kf6 34. a5 g4+ 35. Kf2 Re4 36. b5 Re5 37. Rc7 Rxb5 38. a6 bxa6 39. Rxh7 Rb2+ 40. Kg1 a5 41. Rxa7 Ra2 42. Ra8 Ke5 43. Re8+ Kd4 44. Re7 a4 45. Re8 a3 46. Rd8+ Ke4 47. Rc8 Rb2 48. Ra8 a2 49. Ra4+ Ke5 50. Ra5+ Kf6 51. Ra6+ Kg5 52. h4+ gxh3 53. g4 Rb1+ 54. Kh2 a1Q 55. Rxa1 Rxa1 56. Kxh3 fxg4+ 57. Kg3 Ra3+ 58. Kf2 g3+ 59. Ke2 Kf4 60. Kd2 g2 61. Kc2 g1Q 62. Kb2 Qc5 63. Kb1 Rb3+ 64. Ka2 Qa3# 0-1